| 000 | 01444nam a2200325 c 4500 | ||
|---|---|---|---|
| 003 | BLK | ||
| 005 | 20241223105333.0 | ||
| 008 | 180411b bul|||||r ||||||| ||bul|| | ||
| 010 | _aKNG00194759000 | ||
| 040 | _aBLK | ||
| 041 |
_aBUL _cBUL |
||
| 080 |
_aШведска литература _b821.113.6 _x-31 _z821.113.6-31 |
||
| 100 | 1 |
_aЛагерльоф, Селма Отилиана Лувиса _eпърви автор _986997 |
|
| 700 | 1 |
_aДжебарова, Теодора Иванова _eпрев. от швед. _9365894 |
|
| 700 | 1 |
_aДавидов, Нешо _eпредг. от _9367692 |
|
| 139 |
_aЛагерльоф, Селма Отилиана Лувиса _bЛ 13 |
||
| 245 | 1 | 0 |
_aСага за Йоста Берлинг _bРоман _cСелма Отилиана Лувиса Лагерльоф; прев. от швед. Теодора Иванова Джебарова; предг. от Нешо Давидов. |
| 257 | _aSWE | ||
| 260 |
_аСофия _bНар. култура _c1984 |
||
| 300 |
_a416 с. _c21 см |
||
| 380 | _aX | ||
| 490 | 1 | _aБиблиотека Световна класика | |
| 500 | _aОриг. загл. Gosta Berlings saga / Selma Lagerlof. - 50 125 тир. | ||
| 852 | _aЦб 131206 | ||
| 856 | 4 |
_qpdf _u |
|
| 856 | 4 |
_qpdf _u |
|
| 942 |
_cKNG _n0 _02 |
||
| 944 |
_aCR _c31.10.2016 _k30576 _lЦветомила Тодорова |
||
| 944 |
_aED _c31.10.2016 _kГрета_Цуфелде |
||
| 999 |
_c185765 _d185765 |
||